000 01036nam a2200289 i 4500
001 000015953
003 DO-SdBNP
005 20260409095616.0
007 ta
008 100222s1987 dr ab 001 0 spa d
040 _aDO-SdBNP
_bspa
_cBNPHU
_erda
041 _aspa
082 4 _a338.13
_bE77p
_222
100 1 _aEspinal, Juan José
_eautor
_910174
_4aut.
245 1 3 _aLa política de precios agrícolas :
_bsu incidencia en la oferta de alimentos /
_cJuan José Espinal.
264 4 _aSanto Domingo, República Dominicana :
_bFundación Friedrich Ebert,
_c©1987.
300 _a85 páginas :
_bilustraciones ;
_c23 cm.
336 _ardacontent
_btexto
_2txt
337 _ardamedia
_bsin mediación
_2n
338 _ardacarrier
_bvolumen
_2nc
504 _aBibliografía: páginas 83-85
590 _aInventariado,2018/DG
650 4 _aPrecios agrícolas
_zRepública Dominicana
_935846
650 4 _aAgricultura
_xAspectos económicos
_zRepública Dominicana
_91508
910 _aValidado. Control de calidad MFF
942 _2ddc
_cLBS1
999 _c15495
_d15495